000 00506nam a22001817a 4500
005 20260422121151.0
008 260422b |||||||| |||| 00| 0 eng d
020 _a9789394095700
_c275.00
040 _aMAIN
041 _aeng
082 _a323
_bSHU
100 _aShukla,Haridwar.
245 _aHuman Rights in a Contemporary /Comparative Perspective
_cBy Haridwar Shukla.
260 _aDibrugarh:
_bMahaveer Publications;
_c2026.
300 _a215p.
650 _aPolitical Science
942 _2ddc
_cBK
999 _c16421
_d16421